Englisch Vokabeln 3# - Statistiken

Allgemein
  • Dieses Quiz wurde 235 mal gespielt
    210 seit der letzten Aktualisierung
  • Das Durchschnittsergebnis liegt bei 8 aus 17
Antwortstatistiken
Deutsch Englisch % Korrekt
studieren; lernen (z.B. für Prüfungen) study
87%
die Regel rule
86%
gelangweilt bored
82%
klicken (auf), anklicken click
80%
chatten (mit); sich unterhalten (mit) chat
73%
bis (zeitlich) until
68%
der Bildschirm; die Leinwand (Kino) screen
63%
der Husten cough
60%
nicht mehr not any more
49%
Gute Besserung! /Werde bald gesund! Get well soon
48%
die (Schul-)Note, die Zensur; die Markierung; das Zeichen mark
48%
die Endung; das Ende (Text, Geschichte) ending
38%
Kopfschmerzen haben have a headache
30%
Was ist los? / Was /Wo ist das Problem? What’s wrong?
25%
zu viel des Guten too much of a good thing
4%
verwundert puzzled
3%
vorbeikommen, vorbeischauen (bei jm.) come round
2%
Keine übereinstimmenden Quizze gefunden
Verteilung der Resultate
Anzahl Personen mit jedem Resultat
Perzentil nach korrekt beantworteten Fragen
Ihre Resultats-Entwicklung
Sie haben dieses Quiz seit der letzten Aktualisierung nicht gespielt